000 00453nam a2200181Ia 4500
005 20240823034115.0
008 240823s9999||||xx |||||||||||||| ||und||
041 _aENGLISH
082 _A624.1834 M4
100 _aDamjanic F [etal] (ed)
245 0 _aComputer Aided Analysis and Design of Concrete Structure
250 _a1st
260 _c1984
_bSwansea U K
500 _aYES
650 _aConcrete
_bMechanical
942 _cBK
999 _c197441
_d197441